Pratispandana: Articles ಪ್ರತಿಸ್ಪಂದನ: ಲೇಖನಗಳು (Record no. 224490)
[ view plain ]
| 000 -LEADER | |
|---|---|
| fixed length control field | 00659nam a22001937a 4500 |
| 005 - DATE AND TIME OF LATEST TRANSACTION | |
| control field | 20220830124106.0 |
| 008 - FIXED-LENGTH DATA ELEMENTS--GENERAL INFORMATION | |
| fixed length control field | 220830b ||||| |||| 00| 0 eng d |
| 040 ## - CATALOGING SOURCE | |
| Transcribing agency | AL |
| 041 ## - LANGUAGE CODE | |
| Language code of text/sound track or separate title | Kannada |
| 082 ## - DEWEY DECIMAL CLASSIFICATION NUMBER | |
| Edition number | 23 |
| Classification number | 320.01K |
| Item number | ROHP |
| 100 ## - MAIN ENTRY--PERSONAL NAME | |
| Personal name | B M Rohini ಬಿ ಎಂ ರೋಹಿಣಿ |
| 100 ## - MAIN ENTRY--PERSONAL NAME | |
| 9 (RLIN) | 56127 |
| 245 ## - TITLE STATEMENT | |
| Title | Pratispandana: Articles ಪ್ರತಿಸ್ಪಂದನ: ಲೇಖನಗಳು |
| 260 ## - PUBLICATION, DISTRIBUTION, ETC. | |
| Place of publication, distribution, etc. | Chikkamagalur |
| Name of publisher, distributor, etc. | Malenadu Prakashana |
| Date of publication, distribution, etc. | 2020 |
| 300 ## - PHYSICAL DESCRIPTION | |
| Extent | 296 p. |
| Other physical details | PB |
| Dimensions | 21x13.3 cm. |
| 365 ## - TRADE PRICE | |
| Price amount | ₹270.00 |
| Currency code | ₹ |
| Unit of pricing | ₹270.00 |
| 650 ## - SUBJECT ADDED ENTRY--TOPICAL TERM | |
| Topical term or geographic name entry element | Kannada Articles |
| 9 (RLIN) | 56128 |
| 700 ## - ADDED ENTRY--PERSONAL NAME | |
| Personal name | ROHINI (B M) ರೋಹಿಣಿ(ಬಿ ಎಂ ) |
| 9 (RLIN) | 56129 |
| 942 ## - ADDED ENTRY ELEMENTS (KOHA) | |
| Source of classification or shelving scheme | Dewey Decimal Classification |
| Koha item type | Donated Books |
| Withdrawn status | Lost status | Source of classification or shelving scheme | Damaged status | Not for loan | Collection code | Home library | Current library | Date acquired | Cost, normal purchase price | Total Checkouts | Full call number | Barcode | Date last seen | Date last checked out | Cost, replacement price | Price effective from | Koha item type | Public note |
|---|---|---|---|---|---|---|---|---|---|---|---|---|---|---|---|---|---|---|
| Dewey Decimal Classification | Kannada | St Aloysius Library | St Aloysius Library | 08/23/2022 | 270.00 | 2 | 320.01K ROHP | D04812 | 04/01/2025 | 03/14/2025 | 270.00 | 08/30/2022 | Donated Books | Donated by B M Rohini |